| 000 | 00543nam a2200193Ia 4500 | ||
|---|---|---|---|
| 003 | OSt | ||
| 005 | 20201207134956.0 | ||
| 008 | 190216s9999||||xx |||||||||||||| ||und|| | ||
| 020 | _a9788121928847 | ||
| 040 | _coclc | ||
| 082 |
_a547.30858 _bSHA/E |
||
| 100 |
_aSharma, Y R _94167 |
||
| 245 | 0 |
_aElementary Organic Spectroscopy / _cY R Sharma |
|
| 250 | _a5th Ed. | ||
| 260 |
_bS Chand & Company, _c2013. _aNew Delhi: |
||
| 300 | _a369p | ||
| 650 | _aChemistry | ||
| 942 |
_cBK _2ddc _h547.30858 _iSHA/E _k547.30858 _mSHA/E |
||
| 999 |
_c3620 _d3620 |
||